| 000 | 01003nam a22002778a 4500 | ||
|---|---|---|---|
| 005 | 20080609142458.0 | ||
| 008 | 080606s2009 mau 001 0 eng | ||
| 010 | _aENG-91248 | ||
| 020 |
_a9780070667709 _c525.00 |
||
| 020 | _a0070667705 | ||
| 035 | _aEN-74781 | ||
| 037 | _bDBAD / PUB | ||
| 040 |
_adpl _bEnglish |
||
| 082 | _a658.1511 | ||
| 100 | _aHilton, Ronald W. | ||
| 245 |
_aManagerial accounting : _bcreating value in a dynamic business environment / _cby Ronald W. Hilton, G. Ramesh [and] Jayadev M |
||
| 250 | _a7th ed. | ||
| 260 |
_aNew Delhi _bTata McGraw-Hill publishing _c2008 |
||
| 300 |
_axxviii, 844p. _c24cm (pbk) |
||
| 500 | _aIncludes glossary and index. | ||
| 650 | _aManagerial accounting. | ||
| 700 | _aRamesh, G. | ||
| 700 | _aJayadev M. | ||
| 942 |
_2ddc _cEN _h658.1511 _mHIL |
||
| 999 |
_c16445 _d16445 |
||